000 02645nam a2200325 4500
001 ESSALUD
005 20260702125051.0
007 ta
008 t pe ||||| |||| 00| 0 spa d
040 _aBMG
041 _aspa
100 _aVílchez Sánchez, Roberto Carlos
_aArenas Vásquez, Angie Raquel
_eAutor
_953148
245 _a¿Es nulo el despido de un trabajador que se encuentra con descanso médico?
246 _aIs the dismissal of an employee who is on medical leave null and void?
300 _apáginas 79-83
520 _aEl despido de un trabajador que se encuentra con descanso médico no constituye, por sí solo, una causal de despido nulo, dado que el ordenamiento jurídico no reconoce al descanso médico como una causal autónoma de nulidad. En consecuencia, el despido será válido siempre que se sustente en una causa justa, objetiva y legal, debidamente acreditada, con independencia del estado de salud del trabajador. Una interpretación distinta implicaría una indebida ampliación de las causales de nulidad y una afectación al principio de legalidad. Asimismo, corresponde al trabajador acreditar que la enfermedad o el descanso médico fueron el motivo real del cese, no siendo suficiente la sola coincidencia temporal, lo que exige un análisis concreto de cada caso.
520 _aThe dismissal of a worker who is on medical leave does not, by itself, constitute grounds far null dismissal, as the legal system does not recognize medical leave as an autonomous cause of nullity. Consequently, the dismissal will be valid provided that it is based on a fair, objective, and lawful cause, duly substantiated, regardless of the worker's health condition. A different interpretation would imply an undue expansion of the grounds for nullity and an infringement of the principle of legality. Furthermore, the burden lies with the worker to prove that the illness or medical leave was the real reason for the termination, since mere temporal coincidence is insufficient, thus requiring a case-by-case analysis.
650 _aDESPIDO NULO
_953149
650 _aDESCANSO MÉDICO
_953150
650 _aSALUD DEL TRABAJADOR
_953151
650 _aRELACIÓN LABORAL
_953152
650 _aCAUSA JUSTA
_953153
650 _aNULL DISMISSAL
_953154
650 _aMEDICAL LEAVE
_953155
650 _aWORKER'S HEALTH
_953156
650 _aEMPLOYMENT RELATIONSHIP
_953157
650 _aJUST CAUSE
_953158
773 0 _022614
_922623
_dLima Grupo Praxis Formación Profesional, 2026-
_oPRALAB001
_tPraxis Laboral & Procesal Laboral
_wESSALUD
_x3119-768X
942 _cARTICULOS
_e2026-07-02
_zSQB
999 _c22619
_d22619